000 00339nam a22001457a 4500
008 230612b ||||| |||| 00| 0 eng d
020 _a9780781778763
041 _aeng
080 _2EIGHTH EDITION
_a618
082 _a618
100 _a15
101 _aGJIK
245 _aDRUGS IN PREGNANCY AND LACTATION
_cBRIGGS.G.G
942 _2udc
_cBK
999 _c59935
_d59935